000 00785nam a2200229Ia 4500
005 20241216010301.0
008 180423s9999||||xx |||||||||||||| ||und||
020 _a84-481-1610-0
082 _a339
_bG22
100 _aGAMEZ AMIAN, CONSUELO Y MOCHON MORCILLO, FRANCISCO
245 0 _aMACROECONOMIA
250 _a0
260 _aMADRID-ESPAÑA
_bMCGRAW HILL S.A.
_c1996
300 _a547 pag.
_c23.5 cm
341 _h0
490 _v0
_a0
505 _aINTRODUCCION/MERCADO DE TRABAJO COMPETITIVO Y DESEMPLEO/FUENTES DEL CRECIMIENTO ECONOMICO/SECTOR DEL GASTO/MERCADO DE DINERO/MERCADO MONETARIO/DINERO PRECIOS Y TIPO DE CAMBIO/DEMANDA AGREGADA EN UNA ECONOMIA ABIERTA/OFER
541 _aC
_d26-Jun-07
650 _aCIENCIAS SOCIALES
856 _zHumanidades
942 _cLIBRO
999 _c10394
_d10394